Ekonomické účinky prostorové prefabrikace

Bibliographic Details
Main Author: Obadal, Jan (Author)
Format: Article
Language:Czech
PhysicalDescription:Tb. 2.
Subjects:

MARC

LEADER 00000nab a2200000 a 4500
001 vtls000093507
003 SK-MaSNL
005 20260305030626.0
008 160202c1981 xo 0 cze
015 |a SNBRB19rr/mm-uuuuu 
035 |a CL0103610 
040 |a SNKBUCL  |b slo  |c SNKBUCL  |e AACR2 
041 0 |a cze 
044 |a xo  |c SK 
080 |a 69  |2 1981 
080 |a 338.4  |2 1981 
100 1 |a Obadal, Jan  |4 aut  |9 1149647 
245 1 0 |a Ekonomické účinky prostorové prefabrikace  |c Jan Obadal 
300 |b Tb. 2. 
650 0 7 |a stavebníctvo  |2 snkbucl  |9 726 
650 0 7 |a priestorová prefabrikácia  |2 snkbucl  |9 1607750 
655 7 |a články z novín a časopisov  |2 snkbucl  |9 267496 
773 0 |t Ekonomika stavebníctva  |g Roč. 16, č. 4 (1981), s. 115-118 
850 |a Slovenská národná knižnica v Martine  |a MTA001 
852 |a SNK  |b KIS3GCP 
958 |a RK 
958 |a CZ 
992 |a RBX 
999 |c 3312331  |d 3314261